000 00435 a2200145 4500
082 _a346.03
090 _c3347
_d3347
100 _aMasood Ahmad Chema
245 _aEstlahaat-e-Hisaab dari-o-Muhasibi (Dictionary of accountancy & auditing)
_cMasood Ahmad Chema
260 _aIslamabad:
_bMuqtadara Qumi Zuban,
_c1985.
300 _a66 p. ;
_c22 cm.
500 _a Includes Index
650 _aAudit--Dictionary.
942 _cBK
_k346.03 CHE
999 _c7260
_d7260